| 000 | 01071pam a2200325 a 4500 | ||
|---|---|---|---|
| 001 | 2943132 | ||
| 003 | OSt | ||
| 005 | 20140310181919.0 | ||
| 008 | 901219s1991 ilu 000 0deng | ||
| 010 | _a 90027667 | ||
| 020 | _a0830813314 | ||
| 040 |
_aDLC _cDLC _dDLC |
||
| 043 | _an-us--- | ||
| 050 | 0 | 0 |
_aBV 4529 _b.B38 1991 |
| 082 | 0 | 0 |
_aTR 649.7 _bB32 1991 |
| 100 | 1 |
_aBaumbich, Charlene Ann, _d1945- _91402 |
|
| 245 | 1 | 0 |
_aDon't miss your kids : _b(they'll be gone before you know it) / _cCharlene Ann Baumbich. |
| 260 |
_aDowners Grove, Ill. : _bInterVarsity Press, _cc1991. |
||
| 300 |
_a185 p. ; _c22 cm. |
||
| 500 | _a"Saltshaker books"--Jacket. | ||
| 521 | _aFaculty. | ||
| 541 | _j1 | ||
| 562 | _e1 | ||
| 600 | 1 | 0 |
_aBaumbich, Charlene Ann, _d1945- _91403 |
| 650 | 0 |
_aParenting _xReligious aspects _xChristianity. _91404 |
|
| 650 | 0 |
_aParents _zUnited States. _91405 |
|
| 906 |
_a7 _bcbc _corignew _d1 _eocip _f19 _gy-gencatlg |
||
| 942 |
_2lcc _cBK-TR _kTR |
||
| 999 |
_c6895 _d6895 |
||